01648nam a2200361 a 4500001001000000003000500010005001700015008004100032010001100073011001100084040000900095090001000104100004100114245020900155260004100364500006000405502011800465590004000583590004000623590004000663650003600703650003300739650003400772650004900806700004300855856007000898901000700968942001000975942000600985999001900991952013601010952014001146000112026CHAP20220329144242.0151118s2015 mx |sm |||||||spa d a108487 a109459 cCHAP aTesis1 aRodríguez Flores, Álvaro913006210aValoración de tratamientos moderadores de la flora intestinal del conejo en crecimiento, para la prevención de enteritish[En línea]cpor Álvaro Rodríguez Flores y Miguel Angel Ponce Ensastegui. aChapingo, Méx. :bEl autor,c2015. aPara ver el contenido del material haga clic en la liga aTesis (Ing. Agr. Esp. en Zootecnia) -- UACH. Departamento de Enseñanza, Investigación y Servicio en Zootecnia aE5652GLJb05c20151118lUCH01h1339 aE5652GLJb05c20151118lUCH01h1340 aE5652GLJb05c20151119lUCH01h080214aConejosxAlimentación.92635314aConejosxCrecimiento.92635714aConejosxEnfermedades.92636214aProbióticosxAlimentación animal.9916941 aPonce Ensastegui, Miguel Angel9130063 aFinding aiduhttp://10.13.5.2/tesis/sist112026.pdfzTeclea aquí aBK cTESIS n0 c108487d108487 00104054718TESISaBCbBCd2015-11-19fTESISl0oTesisp33724002511629r2019-12-31 00:00:00w2019-12-31yTESISzRecien adquirido 00102local4053708TESISaBCbBCcPA_TESISd2015-11-19fTESISl0oTesisp33724002511660r2019-12-31 00:00:00tc.2w2019-12-31yTESIS